000 01255nam a22003617a 4500
003 CHAP
005 20220329135634.0
008 971013s1995 r 00010 d
010 _a39762
011 _a40734
035 _a44860
040 _cCHAP
090 _aTesis
100 0 0 _aBarrón Mercado, Napoleón.
_910572
245 _aRendimiento y calidad de la canal de tres genotipos cruzados de simmental bajo condiciones de pastoreo
260 _aChapingo, Méx. :
_bEl autor,
_c1995
300 _a95 h.
_b: ilus.
502 _aTesis (Ing. Agr. Esp. en Zootecnia) -- UACH. Departamento de Zootecnia
590 _aALEPH
_b10
_c20130110
_lUCH01
_h1308
590 _aBATCH-UPD
_b10
_c20130110
_lUCH01
_h1312
590 _aBATCH-UPD
_b10
_c20130410
_lUCH01
_h0825
590 _aBATCH-UPD
_b10
_c20130914
_lUCH01
_h0851
590 _aCONVERSION
_b10
_c20130109
_lUCH01
_h1322
650 1 4 _aCarne en canal.
_919226
650 1 4 _aGanado vacuno
_xCruzas.
_945452
650 1 4 _aGanado vacuno
_xGenética.
_945470
650 1 4 _aGanado vacuno
_xPastoreo.
_945502
700 0 _aRamos García, Roberto.
_994420
901 _aBK
942 _cFOLL
949 _bBC
_cTES
_d-102747
_eTS1
_h27849
_i44860
_si
949 _bBC
_cTES
_d33724000006532
_eTS2
_fc.2
_h27850
_i44860
_si
999 _c39762
_d39762